MDQL
is popping MORE tags! Check the
thread
!
Quizzes
Events
Quiz Creation
Community
Videos
Private Events
Remove Ads
Sign In
Join for FREE
Feedback
Dark Mode
Quiz Categories
Sports
Geography
Music
Movies
Television
Just For Fun
Miscellaneous
History
Literature
Language
Science
Gaming
Entertainment
Religion
Holiday
For Kids
Quiz Lab
Recent
Popular Today
Quiz Kudos Today
Editor Picks
Curator Picks
Quizzes by...
Day
Popularity
Type
Ratings
Length
Year
Community
Subscriptions
Recent Discussions
Orange Saloon
Badges
Playlists
Quests
Create
Leaderboards
Showdown
Live 5
Trivia Bingo
Activity
Puzzle Library
Sporcle Events
Private Events
Virtual Trivia
Globe League
Become a Host
Pub Owners
SporcleCon
Opinionation
Our Games
Videos
Blog
Mobile Apps
Partnerships
Remove Ads and Go Orange
Feedback
Sports
Athletes
MLB
NBA
NHL
NFL
Soccer
Sports Teams
WWE
NCAA
Football
Premier League
Basketball
Baseball
Hockey
Golf
Tennis
Cricket
Rugby
Auto Racing
Olympics
World Cup
Sports
Athletes
MLB
NBA
NHL
NFL
Soccer
Sports Teams
WWE
NCAA
Football
Premier League
Basketball
Baseball
Hockey
Golf
Tennis
Cricket
Rugby
Auto Racing
Olympics
World Cup
Random Quiz
Search Sporcle
×
Quiz Lab
Quiz Lab
Sports
New York Mets
Type in answers that appear in a list
Type in answers that appear in a list
Classic
Best Score? Go Orange.
New York Mets Catchers Stats
Can you name the New York Mets Catchers?
By
hipolito7
10m
51 Questions
1,369 Plays
1,369 Plays
1,369 Plays
Comments
Comments
Give Quiz Kudos
Give Quiz Kudos
-
- Ratings
hide this ad
More Info
Replay
Link that replays current quiz
Next Quiz
Link to next quiz in quiz playlist
You Got
0%
They Got
Avg Score
39%
Avg Friend Score
Upgrade to see
Score Distribution
Jump to the score distribution portion of the page
Score
0/51
Timer
10:00
0
Plays Today
Years
C
% Correct
1998-
2005
Mike Piazza
99%
1985-
89
Gary Carter
95.4%
1990-
98
Todd Hundley
89.5%
1966-
77
Jerry Grote
85.2%
2006-
07
Paul Lo Duca
83%
1975-
82, '84
John Stearns
76%
1988-
92
Mackey Sasser
67.2%
1997-
2001
Todd Pratt
66.6%
2008-
09
Brian Schneider
64.2%
2009-
10
Josh Thole
62.5%
1986
Ed Hearn
60.4%
1973-
84
Ron Hodges
60.4%
2005-
09
Ramon Castro
60.2%
1999-
2004
Vance Wilson
56.2%
1968-
74
Duffy Dyer
54.1%
1962-
63, '66
Choo Choo Coleman
52.2%
1986-
90
Barry Lyons
51.6%
2009
Omir Santos
51.6%
1990-
93
Charlie O'Brien
50.3%
2001-
04
Jason Phillips
48.7%
1983-
84
Mike Fitzgerald
44.7%
1968-
69
J.C. Martin
43.9%
1978-
81, '90
Alex Trevino
42.6%
2010
Rod Barajas
42.6%
1962-
65
Chris Cannizzaro
35.6%
1991
Rick Cerone
35.5%
Years
C
% Correct
1994-
95, 2006
Kelly Stinnett
28.7%
1983-
84
Junior Ortiz
26.8%
1962
Hobie Landrith
25.9%
1984, '86
John Gibbons
25.5%
2010
Henry Blanco
25.2%
1995-
98
Alberto Castillo
24.4%
1985
Clint Hurdle
23%
1963-
65
Jesse Gonder
20.8%
1998
Tim Spehr
19.8%
1964-
67
Hawk Taylor
19.1%
1962-
63
Sammy Taylor
19%
1982-
83, '85
Ronn Reynolds
18%
2005-
07
Mike DiFelice
16.9%
1982
Bruce Bochy
15.5%
1965-
66
John Stephenson
14.6%
1996
Brent Mayne
14.5%
2008
Raul Casanova
14.1%
1962
Joe Pignatano
13.7%
1962
Harry Chiti
12.5%
1965-
68
Greg Goossen
11.5%
1989
Phil Lombardi
8.7%
1990
Orlando Mercado
8.2%
1967
John Sullivan
6.9%
1963
Norm Sherry
6.1%
1965
Jimmie Schaffer
4%
Quiz Playlist
Details
Report
Send in Message
Add To Playlist
More Info:
Updated thru the 2010 season / Minimum 10 starts
Classic:
Type in answers that appear in a list
Quiz Source
Last Updated: Feb 16, 2017
Quiz Scoreboard
CHALLENGE
Sign Up to Join the Scoreboard
Show All
Scores
Hide
Comments
May contain spoilers
Recently Published
Colored Red Africa Blitz
by spor1
Geography
30s
Find the 'City' Movie
by crazypaving
Movies
60s
5x2 Blitz: Bands
by SL_Kpop136
Music
30s
More to Explore
Quiz From the Vault
Featured Blog Post
14 Easter Pick-up Lines to Find Eggs With
hide this ad
You Might Also Like...
Tags
Catcher
met
New York
New York Mets
start
Today's Top Quizzes in Sports
Browse Sports
hide this ad
Today's Top Quizzes in New York Mets
Browse New York Mets
Top Contributed Quizzes in Sports
1
Les entraîneurs de l'OM et du PSG au 21e siècle
2
Les meilleurs buteurs des matchs entre le PSG et l’OM
3
Players with Multiple 50 Home Run Seasons
4
2022 World Cup Stars
5
Les joueurs passés par le PSG et l'OM
6
NBA Logic Puzzle 2.0
7
Criteria MLB: Left Handed Sluggers
8
MLB Players with Two .350 Batting Average Seasons
9
Top 10 NHL Goal Scorers of All Time
10
Who Hit More Homers?
Explore More
Trending Topics
Marvel
Kpop
Anime
Disney
Crossword
Harry Potter
NBA
Country
WWE
Pokémon
Song
Puzzle
NFL
Soccer
The Office
hide this ad
More By:
hipolito7
Quiz
Plays
Rating
Category
Featured
Created
Mariano Rivera's Saves
42,366
4.64
Sports
Sep 20, 2011
New York Mets hitters - Wild Card Era
10,381
4.48
Sports
Oct 24, 2009
MLB Wild Card-Era Catchers (94-23)
6,631
4.45
Sports
Oct 26, 2009
MLB Wild Card-Era First Basemen (94-23)
6,300
4.17
Sports
Oct 26, 2009
MLB Wild Card-Era Shortstops (94-23)
5,291
4.38
Sports
Oct 28, 2009
Go to Creator's Profile
Score Distribution
Quiz Creator Spotlight
hipolito7
Follow
Send a Message
Quizzes Created
-
Created Quiz Play Count
-
More By This Creator
Popular Quizzes Today
1
Colored Red Africa Blitz
2
Find the 'City' Movie
3
5x2 Blitz: Bands
4
Find the US States - No Outlines Minefield
5
The Countries of the World
6
Find the US States
7
US States
8
Find the Countries of Europe - No Outlines Minefield
More Sports Quizzes
Quick Pick: Women's Basketball, 2020 Olympics
Curator's Pick
Trending Quizzes
Colored Red Europe Blitz I
Colored Red Europe Blitz II
Colored Red Africa Blitz II
Colored Red Europe Blitz III
Colored Red Africa Blitz III
Recently Updated
How Do You Spell That?
pecheneg
Godzilla Movies
pecheneg
Grab Bag: 4-10 Letters
pecheneg
2024 March Madness Bracket
pecheneg
Famous TV Couples
Peacemaker
Champions League XIs: Real Madrid
pecheneg
Largest US Cities 1790-2010
pecheneg
Rides in Walt Disney World
pecheneg
Most Oscar Losses (Acting)
pecheneg
Beyoncé Albums
pecheneg
Trending Topics
Crossword
Marvel
Disney
NBA
Harry Potter
Anime
Kpop
Puzzle
Pokémon
Country
The Office
WWE
Soccer
NFL
Song
Your Account Isn't Verified!
In order to create a playlist on Sporcle, you need to verify the email address you used during registration. Go to your
Sporcle Settings
to finish the process.
Report this User
Report this user for behavior that violates our
Community Guidelines
.
Details:
Send Report
Go to the Sporcle.com Mobile Site →
Comments